'V for Vendetta' V Speech Quiz Stats

 Plays Quiz Updated Nov 5, 2018

Score 0/48 Timer 06:00
0 Plays Today
% Correct
my very good honor to meet you and you may call me ___.V
99.7%
of the ___ populi,vox
53%
and ___ by thevillain
47.8%
___!VoilĂ 
46.6%
a ___,vendetta
46.3%
In ___,view
44.4%
both ___victim
43.1%
not in ___,vain
41.6%
a humble ___vaudevillian
38.3%
This ___,visage
38.1%
of ___,vanity
37.6%
___,Verily
36.7%
is ___;vengeance
35.1%
___, castveteran
34.8%
no mere ___veneer
34.1%
___ asvicariously
34%
now ___vacant
32.9%
is a ___vestige
32.3%
___ thesevanquish
32.3%
___ andvice
31.7%
___. Howevervanished
31.3%
The only ___verdict
31%
___vermin
30.4%
___, and hasvivified
30.3%
% Correct
___ of Fate.vicissitudes
30.1%
___, standsvexation
29.7%
___, so let me simply add that it isverbose
29.4%
held as a ___,votive
28.5%
___ tovowed
27.8%
___ andvicious
27.8%
and the ___.virtuous
25.7%
___ of a by-gonevisitation
25.3%
___.volition
24.4%
one day ___vindicate
24.4%
___ mostveers
24.3%
for the ___ andvalue
24.1%
___ ofviolation
24.1%
___ andvenal
23.8%
___virulent
23.7%
this ___valorous
23.5%
of __verbiage
23.1%
___vanguarding
22.8%
the ___vigilant
22.7%
___voracious
22.7%
the ___violently
22.4%
___ of such shallveracity
21.7%
___vouchsafing
20.7%
this ___vichyssoise
18.8%

You're not logged in!

Compare scores with friends on all Sporcle quizzes.
OR
Log In

Sporcle TV

Today on Sporcle TV


Watch our educational content, quiz creation guides, and fun videos on Sporcle TV.

Show Comments

Extras

Top Quizzes Today


Score Distribution

Your Account Isn't Verified!

In order to create a playlist on Sporcle, you need to verify the email address you used during registration. Go to your Sporcle Settings to finish the process.

Report this User

Report this user for behavior that violates our Community Guidelines.

Details: